| 000 | 00656nam a2200217 i 4500 | ||
|---|---|---|---|
| 001 | 135311 | ||
| 003 | ES-MaACL | ||
| 005 | 20240126063012.0 | ||
| 007 | t| | ||
| 008 | 070716s1960 sp ||||1| cat d | ||
| 080 | _a882-311.6"18" | ||
| 100 | 1 |
_aTolstói, Lev, _d1828-1910 _9110489 |
|
| 245 | 1 | 0 |
_aGuerra i pau / _cLev Nikolaevich Tolstoï ; traducció Carlos Capdevila. |
| 260 |
_aBarcelona : _bArimany, _c1960. |
||
| 300 |
_a1089 p. ; _c21 cm. |
||
| 490 | 1 | _aDe obres d'avi i de sempre | |
| 700 | 1 |
_aCapdevila, Carles. _934792 |
|
| 830 | 0 |
_aDe obres d'avi i de sempre _9219913 |
|
| 852 |
_aES-MaACL _jC-17582 _bR.45873 |
||
| 999 |
_c135311 _d135311 |
||